| 000 | 00730nas a2200241 4500 | ||
|---|---|---|---|
| 001 | BR9212815 | ||
| 003 | BR-BrBNA | ||
| 005 | 20231205094801.0 | ||
| 007 | ta | ||
| 008 | 230509b bl.|||p| |||| 00| 00por d | ||
| 040 |
_aBR-BrBNA _bpor _cBiblioteca Nacional de Agricultura |
||
| 041 | _a(Pt) | ||
| 072 | _aP33 | ||
| 100 | 1 | _aMusumeci, M.R. | |
| 100 | 1 | _aRuegg, E.F. | |
| 245 | 1 | _aDegradacao do aldrin em amostras de solos do cerrado | |
| 650 | _aSolo Arenoso | ||
| 650 | _aAnalise do Solo | ||
| 650 | _aPropriedade Fisico-Quimica | ||
| 773 | 0 |
_tArquivos do Instituto Biologico (Brazil) _xISSN 0020-3653 _g(Jan-Dec 1981), v. 48(1-4) p. 39-44 _wBR9212815 |
|
| 909 |
_a202311 _bLúcia _c55 _dLúcia Elande |
||
| 942 |
_2AGRIS _n0 _cANA |
||
| 999 |
_c146818 _d146818 |
||